| 000 | 01267cam a2200337 a 4500 | ||
|---|---|---|---|
| 001 | 5966 | ||
| 003 | FISKH | ||
| 005 | 20250213094448.0 | ||
| 008 | 080919s2009 nyu c 000 1 eng | ||
| 010 | _a 2008036511 | ||
| 020 | _a9780399250439 | ||
| 020 | _a9780545263825 | ||
| 040 |
_aDLC _cDLC _dDLC _beng |
||
| 050 | _aPZ7.L739325 P | ||
| 082 | _a481 | ||
| 100 | 1 | _aLiu, Cynthea | |
| 245 | 1 | 0 |
_aParis Pan takes the dare / _cCynthea Liu |
| 250 | _aThis edition first published in 2010 | ||
| 260 |
_aNew York : _bScholastic, _c2009. |
||
| 300 |
_a248 pages : _c20 cm. |
||
| 505 | _aJ | ||
| 520 | _aFriendless because of her family's frequent moves, twelve-year-old Chinese American Paris Pan wants very much to fit in with the seemingly friendly girls in her new school, even if it means taking a dare to spend the night in a spooky woods, reputedly haunted by the ghost of a girl who died there years ago. | ||
| 521 | 8 |
_a500
_bLexile |
|
| 521 | 8 |
_aJ
_bRaz-Plus |
|
| 650 | 1 |
_aFriendship _vFiction. |
|
| 650 | 1 |
_aMoving (Households) _vFiction. |
|
| 856 | 4 | 2 |
_3Publisher description _uhttp://www.loc.gov/catdir/enhancements/fy0906/2008036511-d.html |
| 906 |
_a7 _bcbc _corignew _d1 _eecip _f20 _gy-gencatlg |
||
| 942 |
_2ddc _cBK _n0 |
||
| 999 |
_c5966 _d5966 |
||